Apuntes : Especialidad cultivos intensivos : Volumen III: Injertos y reinjertos para plantas frutales : Promoción 67 : Año 1966 - 67 / E.P.A. y E.A. de Barcelona. Especialidad Cultivos Intensivos Especialidad cultivos intensivos :
Descripción Física:
57 f. : il. ; 21 x 30 cm
MARC
| LEADER | 00000nam a2200000Ia 4500 | ||
|---|---|---|---|
| 001 | 11232 | ||
| 008 | 160829s9999 xx 000 0 cat d | ||
| 080 | |a FOL-1-178 | ||
| 100 | |a Escola Universitària d’Enginyeria Tècnica Agrícola de Barcelona i d'Especialitats Agropecuàries de Barcelona |9 21711 | ||
| 245 | |a Apuntes : |b Especialidad cultivos intensivos : |b Volumen III: |b Injertos y reinjertos para plantas frutales : |b Promoción 67 : |b Año 1966 - 67 / E.P.A. y E.A. de Barcelona. Especialidad Cultivos Intensivos | ||
| 260 | |a Barcelona : |b [l'Escola, [s.a.] | ||
| 300 | |a 57 f. : |b il. ; |c 21 x 30 cm | ||
| 650 | |a Empelts (Agricultura) |9 32089 | ||
| 650 | |a Arbres fruiters |9 25209 | ||
| 901 | |a Arxiu | ||
| 942 | |n 1 | ||
| 952 | |0 0 |1 0 |4 0 |6 FOL1178 |7 1 |9 45864 |a Arxiu |b Arxiu |d 2016-12-01 |l 0 |o FOL-1-178 |p 11232 |r 2016-12-01 00:00:00 |w 2016-12-01 |y ARXIU | ||
| 999 | |c 49364 |d 49364 | ||